[Event "IRI-ch U18"]
[Site "Chess.com INT"]
[Date "2021.01.26"]
[Round "9"]
[White "Hajjarzadeh, Mohammad Reza"]
[Black "Nazari, Arad"]
[Result "0-1"]
[WhiteElo "1195"]
[BlackElo "2298"]
[PlyCount "84"]
[EventDate "2021.01.26"]
[EventType "swiss"]
[EventRounds "9"]
[EventCountry "IRI"]
[SourceTitle "CBM 200 Extra"]
[Source "ChessBase"]
[SourceDate "2021.03.31"]
[SourceVersion "1"]
[SourceVersionDate "2021.03.31"]
[SourceQuality "1"]

1. d4 Nf6 2. c4 g6 3. Nc3 d5 4. Nf3 Bg7 5. e3 0-0 6. Bd3 c6 7. 0-0 Nbd7 8. Qe2 dxc4 9. Bxc4 Nb6 10. Bd3 Re8 11. h3 Nfd5 12. Nxd5 cxd5 13. Bd2 Bd7 14. Rac1 Rc8 15. Rxc8 Qxc8 16. Rc1 Qb8 17. b3 Rc8 18. Qd1 e6 19. Rxc8+ Qxc8 20. Qc2 Bc6 21. Ba5 Nd7 22. Bb5 Bf8 23. Bxc6 bxc6 24. Bd2 Qa6 25. a4 Qb6 26. Ne1 c5 27. Bc3 Qc6 28. Qd3 c4 29. bxc4 dxc4 30. Qc2 Nb6 31. a5 Nd5 32. Kf1 Qb5 33. Qb2 Nxc3 34. Qxc3 Bb4 35. Qb2 Qxa5 36. Nc2 Bd6 37. Qa1 Qd2 38. Qb2 a5 39. Qa2 Qd3+ 40. Ke1 Qb3 41. Qxa5 Qxc2 42. Qd8+ Bf8 0-1

[Event "IRI-ch U18"]
[Site "Chess.com INT"]
[Date "2021.01.26"]
[Round "2"]
[White "Mohammadi, Amir Hossein"]
[Black "Hajjarzadeh, Mohammad Reza"]
[Result "1-0"]
[WhiteElo "1412"]
[BlackElo "1195"]
[PlyCount "81"]
[EventDate "2021.01.26"]
[EventType "swiss"]
[EventRounds "9"]
[EventCountry "IRI"]
[SourceTitle "CBM 200 Extra"]
[Source "ChessBase"]
[SourceDate "2021.03.31"]
[SourceVersion "1"]
[SourceVersionDate "2021.03.31"]
[SourceQuality "1"]

1. e4 e5 2. Nf3 Nc6 3. Bb5 a6 4. Ba4 b5 5. Bb3 Nf6 6. d3 Bc5 7. c3 h6 8. 0-0 0-0 9. Nbd2 d6 10. Re1 Ng4 11. Re2 Kh8 12. Nf1 f5 13. exf5 Bxf5 14. Ng3 Bg6 15. Bd5 Qd7 16. d4 exd4 17. cxd4 Nxd4 18. Nxd4 Rae8 19. Be3 Nxe3 20. fxe3 Re5 21. Bf3 b4 22. Qd2 d5 23. Rc1 Qd6 24. Rf1 a5 25. Nc2 Bb6 26. Ne1 Rfe8 27. Nc2 c5 28. Kh1 c4 29. Nd4 Bd3 30. Rfe1 Bxe2 31. Rxe2 Bxd4 32. Qxd4 Qe6 33. Nf1 a4 34. Rd2 Rd8 35. e4 a3 36. exd5 Re1 37. Kg1 Qg6 38. Qxc4 Qb6+ 39. Kh1 b3 40. Be2 bxa2 41. Qxa2 1-0

[Event "IRI-ch U18"]
[Site "Chess.com INT"]
[Date "2021.01.26"]
[Round "6"]
[White "Rahmani, Pedram"]
[Black "Hajjarzadeh, Mohammad Reza"]
[Result "0-1"]
[WhiteElo "1872"]
[BlackElo "1195"]
[PlyCount "132"]
[EventDate "2021.01.26"]
[EventType "swiss"]
[EventRounds "9"]
[EventCountry "IRI"]
[SourceTitle "CBM 200 Extra"]
[Source "ChessBase"]
[SourceDate "2021.03.31"]
[SourceVersion "1"]
[SourceVersionDate "2021.03.31"]
[SourceQuality "1"]

1. d4 Nf6 2. c4 g6 3. Nc3 Bg7 4. g3 d6 5. Bg2 0-0 6. e4 e5 7. dxe5 dxe5 8. Qxd8 Rxd8 9. Nge2 Be6 10. b3 c6 11. h3 Na6 12. Ba3 Rd7 13. 0-0 Rad8 14. Rad1 Rxd1 15. Rxd1 Rxd1+ 16. Nxd1 Nd7 17. Ne3 Nac5 18. f4 exf4 19. gxf4 f6 20. f5 gxf5 21. exf5 Bf7 22. Nd4 Bh6 23. Ng4 Bf4 24. b4 h5 25. Ne2 Bg5 26. Nf2 Bxc4 27. Nc3 Nd3 28. Nfe4 Be3+ 29. Kh1 Nf2+ 30. Nxf2 Bxf2 31. Ne4 Bd4 32. Nd6 Bxa2 33. Nxb7 Bd5 34. Nd8 Bxg2+ 35. Kxg2 c5 36. b5 c4 37. Nc6 Bc5 38. Bb2 Kf7 39. Kf3 Nb6 40. Ke4 Na4 41. Kd5 Nxb2 42. Kxc5 c3 43. Nd4 Nd1 44. Nc2 Nf2 45. h4 Ne4+ 46. Kc6 Ng3 47. Kb7 Nxf5 48. Kxa7 Ke6 49. b6 Nd6 50. Ka6 Kd5 51. Ne3+ Ke4 52. Nc4 c2 53. Nxd6+ Kd5 54. b7 c1Q 55. b8Q Qa3+ 56. Kb6 Qxd6+ 57. Qxd6+ Kxd6 58. Kb5 Kd5 59. Kb4 Kd4 60. Kb3 Kd3 61. Kb2 f5 62. Kc1 Ke2 63. Kc2 f4 64. Kc3 f3 65. Kd4 f2 66. Ke5 f1Q 0-1